| 000 | 00704cam a2200253 a 4500 | ||
|---|---|---|---|
| 001 | 13071373 | ||
| 005 | 20180301093045.0 | ||
| 008 | 030128s2002 caua 000 0 eng | ||
| 010 | _a 2003268380 | ||
| 015 | _aGBA2-V0237 | ||
| 020 | _a1560106573 | ||
| 035 | _a(OCoLC)ocm50615073 | ||
| 040 |
_aUKM _cUKM _dDLC |
||
| 041 | _aeng | ||
| 042 | _alccopycat | ||
| 080 | _a751.422 FUD | ||
| 082 | 0 | 4 |
_a751.422 FUD _221 |
| 100 | _a44 | ||
| 101 | _aART | ||
| 245 | 0 | 0 |
_aWatercolor painting step by step / _cwith Barbara Fudurich ... [et al.]. |
| 906 |
_a7 _bcbc _ccopycat _d3 _encip _f20 _gy-gencatlg |
||
| 942 |
_2ddc _cBK |
||
| 999 |
_c43889 _d43889 |
||